Iraq confidential : (Record no. 14509)

000 -LEADER
fixed length control field 01349cam a2200349 a 4500
001 - CONTROL NUMBER
control field 15634431
005 - DATE AND TIME OF LATEST TRANSACTION
control field 20170105102856.0
008 - FIXED-LENGTH DATA ELEMENTS--GENERAL INFORMATION
fixed length control field 090223s2005 nyub e b 001 0 eng d
010 ## - LIBRARY OF CONGRESS CONTROL NUMBER
LC control number 2009293528
020 ## - INTERNATIONAL STANDARD BOOK NUMBER
International Standard Book Number 1560258527 (hbk.)
020 ## - INTERNATIONAL STANDARD BOOK NUMBER
International Standard Book Number 9781560258520 (hbk.)
035 ## - SYSTEM CONTROL NUMBER
System control number (OCoLC)ocm61732952
040 ## - CATALOGING SOURCE
Original cataloging agency ZAB
Transcribing agency ZAB
Modifying agency BAKER
-- MR0
-- XFF
-- DPL
-- IXA
-- UNA
-- VP@
-- YDXCP
-- BTCTA
-- CUY
-- DLC
042 ## - AUTHENTICATION CODE
Authentication code lccopycat
043 ## - GEOGRAPHIC AREA CODE
Geographic area code a-iq---
-- n-us---
050 00 - LIBRARY OF CONGRESS CALL NUMBER
Classification number DS79.76
Item number .R58 2005
082 04 - DEWEY DECIMAL CLASSIFICATION NUMBER
Classification number 956.7044/3
Edition number 22
100 1# - MAIN ENTRY--PERSONAL NAME
Personal name Ritter, Scott.
245 10 - TITLE STATEMENT
Title Iraq confidential :
Remainder of title the untold story of the intelligence conspiracy to undermine the UN and overthrow Saddam Hussein /
Statement of responsibility, etc. Scott Ritter ; foreword by Seymour Hersh.
250 ## - EDITION STATEMENT
Edition statement 1st Nation Books ed.
260 ## - PUBLICATION, DISTRIBUTION, ETC.
Place of publication, distribution, etc. New York :
Name of publisher, distributor, etc. Nation Books,
Date of publication, distribution, etc. 2005.
300 ## - PHYSICAL DESCRIPTION
Extent xxiii, 312 p. :
Other physical details maps ;
Dimensions 24 cm.
504 ## - BIBLIOGRAPHY, ETC. NOTE
Bibliography, etc. note Includes bibliographical references (p. 293-302) and index.
610 20 - SUBJECT ADDED ENTRY--CORPORATE NAME
Corporate name or jurisdiction name as entry element United Nations.
Subordinate unit Special Commission on Iraq.
650 #0 - SUBJECT ADDED ENTRY--TOPICAL TERM
Topical term or geographic name entry element Weapons of mass destruction
Geographic subdivision Iraq.
650 #0 - SUBJECT ADDED ENTRY--TOPICAL TERM
Topical term or geographic name entry element Iraq War, 2003-2011
General subdivision Causes.
651 #0 - SUBJECT ADDED ENTRY--GEOGRAPHIC NAME
Geographic name Iraq
General subdivision Foreign relations
Geographic subdivision United States.
651 #0 - SUBJECT ADDED ENTRY--GEOGRAPHIC NAME
Geographic name United States
General subdivision Foreign relations
Geographic subdivision Iraq.
906 ## - LOCAL DATA ELEMENT F, LDF (RLIN)
a 7
b cbc
c copycat
d 1
e ncip
f 20
g y-gencatlg
942 ## - ADDED ENTRY ELEMENTS (KOHA)
Source of classification or shelving scheme
Koha item type Book
Holdings
Withdrawn status Lost status Damaged status Not for loan Collection code Permanent Location Current Location Shelving location Date acquired Total Checkouts Full call number Barcode Date last seen Price effective from Koha item type
          Centre for International Peace & Stability (CIPS) Centre for International Peace & Stability (CIPS) General Stacks 08/05/2013   956.70443 RIT 2005 CIPS0000531 09/05/2013 09/05/2013 Book
© 2023 Central Library, National University of Sciences and Technology. All Rights Reserved.